000 00329nam a2200121Ia 4500
005 20260328104306.0
008 260328s9999||||xx |||||||||||||| ||und||
100 _aQuércia, Orestes
245 0 _aMemorial de América Latina /
_cOrestes Quércia
260 _bSecretaria de Estado de Cultura
650 _aAMÉRICA
942 _cBK
999 _c10764
_d10764